| 000 | 00600nam a22001817a 4500 | ||
|---|---|---|---|
| 003 | OSt | ||
| 005 | 20220804120709.0 | ||
| 008 | 211113b ||||| |||| 00| 0 eng d | ||
| 022 | _a0973-5836 | ||
| 040 | _cSerials publications Pvt.Ltd. | ||
| 222 | _aInternational journal of Information and communication Technologies | ||
| 245 | _aInternational journal of Information and communication Technologies | ||
| 260 |
_aNew Delhi _bSerial Publications Pvt, Ltd. |
||
| 310 | _aBianually | ||
| 650 |
_aCommunication Technologies _vPeriodica _910351 |
||
| 655 |
_aPeriodical _910352 |
||
| 942 |
_2ddc _cPR _s1 |
||
| 999 |
_c220563 _d220563 |
||